[Event "129th New Zealand Championship 2022"]
[Site "Christchurch"]
[Date "2022.01.07"]
[Round "6.10"]
[White "Langford, Josh"]
[Black "Punsalan, Vyanla M"]
[Result "0-1"]
[WhiteElo "1637"]
[BlackElo "1945"]
[Annotator "TA"]
[PlyCount "122"]
[EventDate "2022.01.02"]
[EventType "swiss"]
[EventCountry "NZL"]
[SourceTitle "playchess.com"]
[Source "ChessBase"]
[SourceQuality "1"]

{[%evp 16,122,11,0,18,16,67,77,60,53,94,94,76,89,121,64,47,53,72,59,55,13,12,27,26,10,12,-29,-33,-35,-36,-29,-35,-62,-58,-57,-37,-36,-43,-54,-56,-71,-27,-36,-20,-22,-3,-7,-5,-7,0,-3,0,-20,-4,-3,-4,-2,0,-18,0,-47,0,-18,-18,-18,-12,-73,-72,-66,-74,-63,-47,-52,-29,-160,-137,-150,-44,-49,-48,-206,-29,-56,-29,-29,-29,-406,-378,-431,-428,-430,-415,-409,-333,-810,-816,-1026,-877,-1302,-1216,-4618,-3289,-5097,-8674,-29988,-29987,-29992,-29993]} 1. e4 c6 2. d4 d5 3. Nd2 dxe4 4. Nxe4 Bf5 5. Ng3 Bg6 6. h4 h6 7. Nh3 Nf6 8. Nf4 Bh7 9. Bc4 Nbd7 {B18: Classical Caro-Kann: 4...Bf5 sidelines.} 10. O-O g5 ({Black should try} 10... e6 $11) 11. hxg5 $14 hxg5 {White is better.} 12. Nh3 g4 (12... Nb6 $14 13. Bxg5 Nxc4 14. Bxf6 exf6) 13. Ng5 $16 {[%csl Gg5][%cal Rc4f7] [#]} Bg8 $146 ({Predecessor:} 13... Bg6 14. Re1 Nb6 15. Bd3 Bxd3 16. Qxd3 e6 17. Bf4 Be7 18. Rxe6 fxe6 19. Nxe6 Qc8 20. Qg6+ Kd7 21. Nc5+ Bxc5 22. dxc5 Qe8 23. Qxf6 {1-0 (23) Eman,J (2020)-Ventimiglia,C (1966) IECC email 2000}) 14. Re1 Qc7 15. Qe2 (15. Qd3 $1 $16) 15... Qd6 $1 $14 (15... e6 $2 16. Bxe6 $1 {[%mdl 512]} O-O-O 17. Bxf7 $18 (17. Nxf7 Bxf7 18. Bxf7 Kb8 $16) (17. Bxg4 Nxg4 18. Qxg4 Kb8 $18)) 16. N5e4 Nxe4 17. Qxe4 Nf6 18. Qf4 (18. Qe2 $14) 18... Qxf4 $11 19. Bxf4 Bh7 20. Bg5 {Hoping for Bxf6.} Nd5 21. Re2 (21. Bb3 {feels stronger.}) 21... e6 22. Rae1 Be7 23. Bxe7 Kxe7 24. Ne4 Rad8 25. c3 b6 (25... Bg6 {looks sharper.} 26. Rd2 Nf4 27. g3 Nh3+ 28. Kg2 Rh6) 26. Bb3 Bg6 27. Bxd5 cxd5 28. Ng3 Rd6 ({Black should play} 28... Rb8 $17) 29. Re5 f6 30. R5e2 Rh6 31. f3 gxf3 32. gxf3 Kf7 33. Nf1 Bd3 34. Re3 Rg6+ 35. Kf2 Bxf1 36. Kxf1 {[%mdl 4096] Endgame KRR-KRR} f5 {[%cal Bf6f5,Bf5f4][%mdl 32]} 37. R1e2 Rd8 38. Ke1 (38. Rh2 $11 {is more appropriate.}) 38... Rdg8 (38... f4 $15 {might be stronger.} 39. Re5 Rh8) 39. Kd2 Rh8 40. Kc2 Rh3 41. Kd2 (41. Rf2 $11 {keeps the balance.}) 41... f4 $17 42. Rd3 Rg1 43. Rf2 a5 {Black is more active.} 44. Kc2 Kf6 45. b3 (45. Kb3 $11) 45... Rhh1 $1 46. Rdd2 Kf5 (46... Rc1+ $17 47. Kb2 b5) 47. Rde2 $15 Rc1+ 48. Kd3 $2 {[#]} (48. Kb2 $15) 48... Rhe1 $2 (48... b5 $1 $19 {Threatens to win with ...Rhd1+.} 49. Rc2 Rhd1+ 50. Rfd2 Rxc2 51. Kxc2 Rf1) 49. c4 Kf6 50. Rxe1 Rxe1 $11 {KR-KR} 51. c5 $2 {[%mdl 8192]} (51. cxd5 $11 exd5 52. Kc2) 51... Re3+ $19 52. Kd2 bxc5 53. dxc5 d4 54. Rf1 {[#]} Ke7 $1 ({Not} 54... Rc3 55. Rc1 Rxc1 56. Kxc1 $14) 55. Rc1 $2 (55. Re1 Rxf3 56. Re4) 55... Rxf3 56. Rc4 e5 {[%cal Be6e5,Be5e4,Be4e3][%mdl 32] White must now prevent ...Re3.} 57. Ra4 Rc3 58. Rxa5 e4 59. Ra7+ Ke6 {( -> ...f3)} 60. b4 e3+ 61. Ke1 f3 {Weighted Error Value: White=0.86/Black=0.15 (very precise)} 0-1

[Event "129th New Zealand Championship 2022"]
[Site "Christchurch"]
[Date "2022.01.07"]
[Round "6.11"]
[White "Ha, Huy Minh (Timothy)"]
[Black "Tang, Hao"]
[Result "1/2-1/2"]
[WhiteElo "1637"]
[BlackElo "1838"]
[Annotator "NA RC"]
[PlyCount "159"]
[EventDate "2022.01.02"]
[EventType "swiss"]
[EventCountry "NZL"]
[SourceTitle "playchess.com"]
[Source "ChessBase"]
[SourceQuality "1"]
[TimeControl "40/5400+30:1800+30"]

1. e4 {[%emt 0:00:12]} c5 {[%emt 0:00:04]} 2. c3 {[%emt 0:00:18]} d5 {[%emt 0:00:06]} 3. exd5 {[%emt 0:00:05]} Qxd5 {[%emt 0:00:05]} 4. d4 {[%emt 0:00:09]} Nc6 {[%emt 0:00:11]} 5. Nf3 {[%emt 0:04:29]} Bg4 {[%emt 0:00:07]} 6. Nbd2 {[%emt 0:02:27]} cxd4 {[%emt 0:04:15]} 7. Bc4 {[%emt 0:00:42]} Qd7 {[%emt 0:07:52]} 8. cxd4 {[%emt 0:05:30]} e6 {[%emt 0:05:29]} 9. Bb5 {[%emt 0:08:29]} a6 {[%emt 0:12:35]} 10. Qa4 {[%emt 0:00:50]} Bxf3 {[%emt 0:05:54]} 11. Nxf3 {[%emt 0:00:42]} Rc8 {[%emt 0:00:32]} 12. Bxc6 {[%emt 0:01:12]} Qxc6 {[%emt 0:00:09]} 13. Qxc6+ {[%emt 0:01:27]} Rxc6 {[%emt 0:00:23]} 14. O-O {[%emt 0:00:10]} Bd6 {[%emt 0:04:35]} 15. Bd2 {[%emt 0:03:43]} Ne7 {[%emt 0:09:17]} 16. Rac1 {[%emt 0:00:38]} Rb6 {[%emt 0:00:34]} 17. Rc2 {[%emt 0:00:37]} O-O {[%emt 0:00:18]} 18. Rfc1 {[%emt 0:03:00]} Rd8 {[%emt 0:01:28]} 19. Ne5 {[%emt 0:07:58]} Rb5 {[%emt 0:04:34]} 20. Nf3 {[%emt 0:14:48]} Nc6 {[%emt 0:02:17]} 21. a3 {[%emt 0:00:28]} Rd5 {[%emt 0:01:50]} 22. Bc3 {[%emt 0:08:53]} Bf4 {[%emt 0:06:25]} 23. Re1 {[%emt 0:01:17]} Bb8 {[%emt 0:05:25]} 24. g3 {[%emt 0:00:46]} Ba7 {[%emt 0:00:48]} 25. Kg2 {[%emt 0:01:17]} g6 {[%emt 0:03:13]} 26. Re4 {[%emt 0:02:41]} R8d6 {[%emt 0:07:56]} 27. b4 {[%emt 0:02:28]} Nxd4 {[%emt 0:03:37]} 28. Nxd4 {[%emt 0:00:10]} Bxd4 {[%emt 0:00:20]} 29. Bxd4 {[%emt 0:00:17]} Rxd4 {[%emt 0:00:05]} 30. Rxd4 {[%emt 0:01:03]} Rxd4 {[%emt 0:00:09]} 31. Rc8+ {[%emt 0:00:04]} Kg7 {[%emt 0:00:13]} 32. Rc7 {[%emt 0:00:25]} Rd3 {[%emt 0:00:16]} 33. Rxb7 {[%emt 0:00:14]} Rxa3 {[%emt 0:00:19]} 34. Rb6 {[%emt 0:01:48]} Rb3 {[%emt 0:00:45]} 35. Rxa6 {[%emt 0:00:07]} Rxb4 {[%emt 0:00:09]} 36. Ra3 {[%emt 0:01:01]} h6 {[%emt 0:00:50]} 37. h3 {[%emt 0:00:27]} f5 {[%emt 0:00:12]} 38. h4 {[%emt 0:00:54]} Kf6 {[%emt 0:00:51]} 39. Kf3 {[%emt 0:00:00]} g5 {[%emt 0:00:00]} 40. hxg5+ {[%emt 0:00:00]} hxg5 {[%emt 0:00:00]} 41. Ra6 {[%emt 0:03:38]} Rb3+ {[%emt 0:04:02]} 42. Ke2 {[%emt 0:00:14]} Rc3 {[%emt 0:01:01]} 43. Rb6 {[%emt 0:02:22]} Rc5 {[%emt 0:00:27]} 44. Ra6 {[%emt 0:01:05]} Rc3 {[%emt 0:01:10]} 45. Rb6 {[%emt 0:00:32]} Ra3 {[%emt 0:00:17]} 46. Rb5 {[%emt 0:01:02]} f4 {[%emt 0:00:41]} 47. gxf4 {[%emt 0:00:35]} gxf4 {[%emt 0:00:05]} 48. f3 {[%emt 0:01:23]} e5 {[%emt 0:01:10]} 49. Rb6+ {[%emt 0:01:47]} Kf5 {[%emt 0:00:39]} 50. Rb8 {[%emt 0:00:10]} Ra2+ {[%emt 0:00:25]} 51. Kf1 {[%emt 0:01:14]} Ra5 {[%emt 0:02:28]} 52. Kf2 {[%emt 0:01:29]} Ra6 {[%emt 0:00:58]} 53. Rf8+ {[%emt 0:00:38]} Ke6 {[%emt 0:00:37]} 54. Rd8 {[%emt 0:00:25]} Rd6 {[%emt 0:00:41]} 55. Ra8 {[%emt 0:00:24]} Rd2+ {[%emt 0:00:28]} 56. Kf1 {[%emt 0:00:42]} Rb2 {[%emt 0:00:10]} 57. Ra5 {[%emt 0:00:16]} Kd6 {[%emt 0:00:40]} 58. Ke1 {[%emt 0:00:34]} Rc2 {[%emt 0:00:16]} 59. Kf1 {[%emt 0:00:15]} Rc5 {[%emt 0:00:08]} 60. Ra2 {[%emt 0:00:49]} Kd5 {[%emt 0:00:50]} 61. Ke2 {[%emt 0:01:22]} Rc3 {[%emt 0:00:58]} 62. Rd2+ {[%emt 0:01:38]} Kc4 {[%emt 0:00:43]} 63. Rd8 {[%emt 0:00:32]} Re3+ {[%emt 0:00:41]} 64. Kf2 {[%emt 0:00:11]} Kc3 {[%emt 0:00:51]} 65. Ra8 {[%emt 0:00:56]} Rd3 {[%emt 0:01:02]} 66. Re8 {[%emt 0:01:29]} Rd2+ {[%emt 0:00:31]} 67. Ke1 {[%emt 0:00:13]} Rd5 {[%emt 0:00:41]} 68. Ke2 {[%emt 0:00:13]} Kd4 {[%emt 0:03:17]} 69. Ra8 {[%emt 0:00:10]} Rb5 {[%emt 0:03:09]} 70. Rd8+ {[%emt 0:00:28]} Kc3 {[%emt 0:01:11]} 71. Rc8+ {[%emt 0:00:19]} Kb2 {[%emt 0:00:16]} 72. Rc4 {[%emt 0:03:31]} Rb3 {[%emt 0:03:10]} 73. Re4 {[%emt 0:00:27]} Rb5 {[%emt 0:00:27]} 74. Rc4 {[%emt 0:00:07]} Ka3 {[%emt 0:00:22]} 75. Rc8 {[%emt 0:01:00]} Kb4 {[%emt 0:02:18]} 76. Kd3 {[%emt 0:00:19]} Rc5 {[%emt 0:01:51]} 77. Rb8+ {[%emt 0:00:12]} Ka5 {[%emt 0:00:57]} 78. Ke4 {[%emt 0:00:31]} Rc3 {[%emt 0:00:49]} 79. Kxe5 {[%emt 0:00:16]} Rxf3 {[%emt 0:00:24]} 80. Ke4 {[%emt 0:00:45]} 1/2-1/2